| 000 | 06827cam a22019454i 4500 | ||
|---|---|---|---|
| 003 | PE-LiUPU | ||
| 005 | 20250813165728.0 | ||
| 008 | 150625s2014 mx a rb 001 0 spa d | ||
| 020 | _a9786071511355 | ||
| 035 | _a(Sirsi) i9786071511355 | ||
| 040 |
_aCO-BoBLA _bspa _cCO-BoBLA _dPE-LiUPU _erda |
||
| 041 | 1 |
_aspa _heng |
|
| 049 | _aPRUA | ||
| 082 | 0 | 4 |
_a616.01 _bB84 _220 |
| 100 | 1 |
_aBrooks, Geo. F., _eautor. |
|
| 245 | 1 | 0 |
_aJawetz, Melnick y Adelberg : _bMicrobiología Médica / _cGeo. F. Brooks [y otros cuatro] ; traducción José Rafael Blengio Pinto, Ana María Pérez Tamayo Ruiz. |
| 250 | _a26a. edición. | ||
| 264 | 1 |
_aMéxico : _bMcGraw Hill, _c[2014]. |
|
| 300 |
_axi, 863 páginas : _bilustraciones ; _c29 centímetros |
||
| 336 |
_atext _2rdacontent |
||
| 337 |
_aunmediated _2rdamedia |
||
| 338 |
_avolume _2rdacarrier |
||
| 490 | 0 | _aA lange medical book | |
| 504 | _aBibliografía al final de cada capítulo. | ||
| 504 | _aÍndice alfabético : páginas 823-863. | ||
| 505 | 0 | _aLa ciencia de la microbiología -- Estructura celular -- Clasificación de las bacterias -- Proliferación, supervivencia y muerte de los microorganismos -- Cultivo de microorganismos -- Metabolismo microbiano -- Genética microbiana - Inmunología -- Patogenia de la infección bacteriana -- Microbiota normal del cuerpo humano -- Bacilos grampositivos formadores de esporas: especies de Bacillus y Clostridium -- Bacilos grampositivos aerobios no esporulantes: Corynebacterium, Listeria, Erysipelothrix, -- Actinomyces, y patógenos relacionados - Estafilococos -- Estreptococos, enterococos y géneros afines -- Bacilos gramnegativos entéricos (Enterobacteriaceae) -- Pseudomonas, Acinetobacter y bacterias gramnegativas poco comunes. El grupo de los pseudomonas -- Vibriones, Campylobacter, Helicobacter y bacterias relacionadas -- Haemophilus, Bordetella, Brucella y Francisella -- Yersinia y Pasteurella -- NeisseriasInfecciones causadas por bacterias anaerobias -- Legionelas, Bartonelas y bacterias patógenas poco comunes - Micobacterias -- Espiroquetas y otros microorganismos espirilares -- Micoplasmas y bacterias con pared defectuosa -- Rickettsia y géneros relacionados - Clamidias -- Farmacoterapia antimicrobiana -- Propiedades generales de los virus -- Patogenia y control de enfermedades virales - Parvovirus - Adenovirus - Herpesvirus - Poxvirus -- Virus de la hepatitis -- Picornavirus (grupos de enterovirus y rinovirus) -- Reovirus, rotavirus y calicivirus -- Enfermedades virales transmitidas por artrópodos y roedores -- Ortomixovirus (virus de la influenza) -- Paramixovirus y virus de la rubéola - Coronavirus -- Rabia, infecciones por virus lentos y enfermedades priónicas -- Virus que causan cáncer en el ser humano -- Sida y lentivirus -- Micología médica -- Parasitología médica -- Principios de microbiología médica diagnóstica -- Casos y correlaciones clínicas. | |
| 526 | _aP203 | ||
| 526 | _aP200 | ||
| 526 | _aSEG65 | ||
| 526 | _aSEG64 | ||
| 526 | _aSEG63 | ||
| 526 | _aSEG62 | ||
| 526 | _aSEG61 | ||
| 526 | _aSEG60 | ||
| 526 | _aSEG59 | ||
| 526 | _aSEG58 | ||
| 526 | _aSEG57 | ||
| 526 | _aSEG56 | ||
| 526 | _aSEG55 | ||
| 526 | _aSEG54 | ||
| 526 | _aSEG53 | ||
| 526 | _aSEG52 | ||
| 526 | _aSEG51 | ||
| 526 | _aSEG50 | ||
| 526 | _aSEG49 | ||
| 526 | _aSEG48 | ||
| 526 | _aSEG47 | ||
| 526 | _aSEG46 | ||
| 526 | _aSEG24 | ||
| 526 | _aSEG23 | ||
| 526 | _aSEG22 | ||
| 526 | _aSEG21 | ||
| 526 | _aSEG20 | ||
| 526 | _aSEG19 | ||
| 526 | _aSEG18 | ||
| 526 | _aSEG17 | ||
| 526 | _aSEG16 | ||
| 526 | _aSEG14 | ||
| 526 | _aSEG13 | ||
| 526 | _aSEG12 | ||
| 526 | _aSEG11 | ||
| 526 | _aSEG10 | ||
| 526 | _aSEG09 | ||
| 526 | _aSEG06 | ||
| 526 | _aSEG05 | ||
| 526 | _aSEG04 | ||
| 526 | _aSEG03 | ||
| 526 | _aSEG02 | ||
| 526 | _aSEG68 | ||
| 526 | _aSEG66 | ||
| 526 | _aSEG45 | ||
| 526 | _aSEG25 | ||
| 526 | _aSEG01 | ||
| 526 | _aP163 | ||
| 526 | _aP162 | ||
| 526 | _aP161 | ||
| 526 | _aP160 | ||
| 526 | _aP159 | ||
| 526 | _aP158 | ||
| 526 | _aP157 | ||
| 526 | _aP156 | ||
| 526 | _aP155 | ||
| 526 | _aP154 | ||
| 526 | _aP153 | ||
| 526 | _aP152 | ||
| 526 | _aP151 | ||
| 526 | _aP150 | ||
| 526 | _aP149 | ||
| 526 | _aP142 | ||
| 526 | _aP141 | ||
| 526 | _aP140 | ||
| 526 | _aP139 | ||
| 526 | _aP138 | ||
| 526 | _aP137 | ||
| 526 | _aP132 | ||
| 526 | _aP131 | ||
| 526 | _aP130 | ||
| 526 | _aP126 | ||
| 526 | _aP125 | ||
| 526 | _aP124 | ||
| 526 | _aP123 | ||
| 526 | _aP115 | ||
| 526 | _aP122 | ||
| 526 | _aP121 | ||
| 526 | _aP116 | ||
| 526 | _a P114 | ||
| 526 | _aP112 | ||
| 526 | _aP111 | ||
| 526 | _aP104 | ||
| 526 | _aP103 | ||
| 526 | _aP102 | ||
| 526 | _aP101 | ||
| 526 | _aP100 | ||
| 526 | _aP96 | ||
| 526 | _aP95 | ||
| 526 | _aP93 | ||
| 526 | _aP92 | ||
| 526 | _aP91 | ||
| 526 | _aP88 | ||
| 526 | _aP83 | ||
| 526 | _aP82 | ||
| 526 | _aP79 | ||
| 526 | _aP78 | ||
| 526 | _aP75 | ||
| 526 | _aP74 | ||
| 526 | _aP71 | ||
| 526 | _aP69 | ||
| 526 | _a P51 | ||
| 526 | _aP49 | ||
| 526 | _aP48 | ||
| 526 | _aP47 | ||
| 526 | _aP33 | ||
| 526 | _aP31 | ||
| 526 | _a P30 | ||
| 526 | _aP29 | ||
| 526 | _aP27 | ||
| 526 | _aP26 | ||
| 526 | _aP25 | ||
| 526 | _aP24 | ||
| 526 | _a P22 | ||
| 526 | _aP10 | ||
| 526 | _aP09 | ||
| 526 | _a P08 | ||
| 526 | _aP06 | ||
| 526 | _aP05 | ||
| 526 | _aP04 | ||
| 526 | _aP01 | ||
| 534 |
_pTítulo original : _tJawetz, Melnick and Adelberg's medical microbiology. |
||
| 541 | _g001-0022659; | ||
| 650 | 4 | _aBacteriología médica. | |
| 650 | 4 |
_aInmunología. _9691 |
|
| 650 | 4 |
_aMicrobiología médica. _9734 |
|
| 650 | 4 | _aVirología médica. | |
| 700 | 1 |
_aBlengio Pinto, José Rafael, _etraductor. |
|
| 700 | 1 |
_aPérez Tamayo Ruiz, Ana María, _etraductor. |
|
| 910 |
_aaas _bjck _caas _d20150625 |
||
| 942 |
_2ddc _cBOOK |
||
| 949 |
_a616.01 B84 _wDEWEY _c1 _i71548 _d2016-11-7 _e2016-11-2 _lCCODEBUL1 _mBUL _n29 _p154.72 _r0 _sY _tBOOK _u2015-6-25 _xSALUD _PP30 _0COMPRA _o.STAFF. Colección General |
||
| 949 |
_a616.01 B84 2014 _wDEWEY _c1 _iFJ06558 _lCCODEBUJ1 _mBUJ _p154.00 _r0 _sY _tBOOK _u2017-10-09 _xSALUD _PP22 _0COMPRA _o.STAFF -- Colección General Juliaca |
||
| 994 |
_aC0 _bPEPRU |
||
| 596 | _a1 3 | ||
| 999 |
_a616.01 B84 _wDEWEY _c48957 _i71548 _d48957 _e2022-6-17 _f2021-11-4 _g5 _lCCODEBUL1 _mBUL _n67 _p154.72 _q24 _r0 _sY _tBOOK _u2015-6-25 _xSALUD _PP30 _0COMPRA _o.STAFF. Colección General |
||
| 999 |
_a616.01 B84 2014 _wDEWEY _c1 _iFJ06558 _d2019-11-13 _e2019-9-25 _f2022-1-25 _g4 _lCCODEBUJ1 _mBUJ _n2 _p154.00 _q9 _r0 _sY _tBOOK _u2017-2-7 _xSALUD _PP22 _0COMPRA _o.STAFF. Colección General Juliaca |
||
| 980 |
_81 _gALBERTO SANCHEZ Responsable de Automatización |
||